| 000 | 01618 a2200241 4500 | ||
|---|---|---|---|
| 001 | 49823 | ||
| 005 | 20260407155759.0 | ||
| 008 | 260407a2000 arg spa d | ||
| 003 | AR-UNSa-BCEJYS | ||
| 040 |
_aAR-UNSa-BCEJYS _bspa _cAR-UNSa-BCEJYS |
||
| 080 |
_a658.16 _xReorganización financiera (Proyectos de inversión) |
||
| 245 | 1 | 0 |
_aEvaluación de proyectos _pGuía de ejercicios. Problemas y soluciones |
| 020 | _a956-278-116-X | ||
| 250 | _a2a. ed. | ||
| 264 | 1 |
_aSantiago : _bMcGraw-Hill _c2000 |
|
| 300 |
_axvi, 354 p. _c23 cm. |
||
| 505 | _a1. Matemáticas financieras – 2. Proyección de demanda – 3. Estudio de mercado – 4. Flujos de cajas proyectados – 5. Elección de alternativas tecnológicas y decisiones de reemplazo – 6. Decisiones de tamaño y ampliación – 7. Decisiones de localización – 8. Outsourcing – 9. Evaluación de proyectos puros – 10. Evaluación de proyectos financiados – 11. Análisis de sensibilidad – 12. Matemáticas financieras – 13. Proyección de demandas – 14. Estudios de mercado – 15. Flujos de caja proyectados – 16. Elección de alternativas tecnológicas y decisiones de reemplazo – 17. Decisiones de tamaño y ampliación – 18. Decisiones de localización – 19. Outsourcing – 20. Evaluación de proyectos puros – 21. Evaluación de proyectos financiados – 22. Análisis de sensibilidad. | ||
| 041 | _aspa | ||
| 942 | _cBK | ||
| 590 | _aniveau_biblio:m niveau_hierar:0 | ||
| 100 | 1 | _aSapag Puelma, José Manuel | |
| 856 | 4 | 1 |
_uhttps://www.biblioeco.unsa.edu.ar/pmb/images/libros/L128201.jpg _yImagen de portada _qimage/jpeg |
| 999 |
_c4894 _d4894 |
||